[Event "Rio de Janeiro ch CXG"]
[Site "Rio de Janeiro"]
[Date "2011.11.19"]
[Round "4.1"]
[White "Santa Cruz, Arthur"]
[Black "Von Buelow, Georg"]
[Result "0-1"]
[WhiteElo "2253"]
[BlackElo "2376"]
[PlyCount "54"]
[EventDate "2011.10.29"]
[EventType "swiss"]
[EventRounds "7"]
[EventCountry "BRA"]
[SourceTitle "EXT 2022"]
[Source "ChessBase"]
[SourceDate "2021.10.06"]
[SourceVersion "1"]
[SourceVersionDate "2021.10.06"]
[SourceQuality "1"]

1. c4 Nf6 2. Nc3 c5 3. Nf3 Nc6 4. d4 cxd4 5. Nxd4 e6 6. Ndb5 d5 7. Bf4 e5 8. cxd5 exf4 9. dxc6 bxc6 10. Qxd8+ Kxd8 11. Nd4 Bd7 12. g3 fxg3 13. hxg3 Bb4 14. Bg2 Bxc3+ 15. bxc3 Kc7 16. Rh4 g5 17. Rh6 Ng4 18. Rxc6+ Bxc6 19. Nxc6 a5 20. c4 Ra6 21. Nd4 a4 22. Rd1 Kb6 23. e3 Kc5 24. Rb1 Rb6 25. Rc1 Rb2 26. Bd5 Nxf2 27. Kf1 Ng4 0-1

[Event "Rio de Janeiro Fischer Memorial qual"]
[Site "Rio de Janeiro"]
[Date "2008.03.23"]
[Round "6"]
[White "Santa Cruz, Arthur"]
[Black "Campos, Alexandre Ferreira"]
[Result "1/2-1/2"]
[WhiteElo "2248"]
[BlackElo "2148"]
[PlyCount "54"]
[EventDate "2008.03.20"]
[EventType "swiss"]
[EventRounds "6"]
[EventCountry "BRA"]
[SourceTitle "EXT 2010"]
[Source "ChessBase"]
[SourceDate "2010.11.25"]
[SourceVersion "1"]
[SourceVersionDate "2010.11.25"]
[SourceQuality "1"]

1. e4 e5 2. Nf3 Nf6 3. Nxe5 d6 4. Nf3 Nxe4 5. d4 d5 6. Bd3 Be7 7. 0-0 0-0 8. c4 c6 9. Re1 Bg4 10. Nc3 Nxc3 11. bxc3 dxc4 12. Bxc4 Nd7 13. h3 Bh5 14. Rb1 b6 15. g4 Bg6 16. Rb2 Bd6 17. Rbe2 Kh8 18. Kg2 h6 19. Ne5 Nxe5 20. dxe5 Bc5 21. f4 Qh4 22. f5 Bxf5 23. gxf5 Qxc4 24. Re4 Qxa2+ 25. Kh1 Qf2 26. Qh5 Kg8 27. Bxh6 gxh6 1/2-1/2

[Event "Rio de Janeiro State-ch"]
[Site "Rio de Janeiro"]
[Date "2008.01.27"]
[Round "7.3"]
[White "Guimaraes, Wagner Peixoto"]
[Black "Santa Cruz, Arthur"]
[Result "0-1"]
[WhiteElo "2278"]
[BlackElo "2248"]
[PlyCount "80"]
[EventDate "2008.01.19"]
[EventType "swiss"]
[EventRounds "7"]
[EventCountry "BRA"]
[SourceTitle "EXT 2022"]
[Source "ChessBase"]
[SourceDate "2021.10.06"]
[SourceVersion "1"]
[SourceVersionDate "2021.10.06"]
[SourceQuality "1"]

1. d4 Nf6 2. c4 g6 3. Nc3 Bg7 4. e4 d6 5. f4 0-0 6. Nf3 c5 7. dxc5 Qa5 8. Bd3 Qxc5 9. Qe2 Nc6 10. Be3 Qa5 11. 0-0 Bg4 12. Rac1 Nd7 13. Qf2 Nc5 14. Bb1 Bxf3 15. gxf3 Ne6 16. Rfd1 Qh5 17. Ne2 Kh8 18. Rd5 f5 19. exf5 gxf5 20. Ng3 Qh4 21. Qd2 Ne5 22. fxe5 f4 23. Bf2 Bxe5 24. Rxe5 dxe5 25. Qd5 fxg3 26. Qxe5+ Rf6 27. hxg3 Rg8 28. Re1 Nf4 29. Re4 Qh3 30. Rxf4 Rxg3+ 31. Bxg3 Qxg3+ 32. Kf1 Qxf4 33. Qxf4 Rxf4 34. Be4 Kg7 35. c5 Rxe4 36. fxe4 a5 37. b3 Kf6 38. a3 Ke5 39. b4 axb4 40. axb4 Kxe4 0-1

[Event "Rio de Janeiro Fexerj"]
[Site "Rio de Janeiro"]
[Date "2007.11.29"]
[Round "9.3"]
[White "Santa Cruz, Arthur"]
[Black "Bittencourt, Jorge Humberto M"]
[Result "1/2-1/2"]
[WhiteElo "2247"]
[BlackElo "2448"]
[PlyCount "177"]
[EventDate "2007.11.25"]
[EventType "tourn"]
[EventRounds "9"]
[EventCountry "BRA"]
[EventCategory "8"]
[SourceTitle "EXT 2022"]
[Source "ChessBase"]
[SourceDate "2021.10.06"]
[SourceVersion "1"]
[SourceVersionDate "2021.10.06"]
[SourceQuality "1"]

1. e4 c5 2. Nf3 d6 3. d4 cxd4 4. Nxd4 Nf6 5. Nc3 a6 6. g3 e5 7. Nb3 Nbd7 8. Bg2 b5 9. 0-0 Be7 10. Bd2 0-0 11. a4 b4 12. Nd5 Nxd5 13. exd5 a5 14. c3 bxc3 15. Bxc3 Qb6 16. Ra3 Bd8 17. Qd2 Qa7 18. Kh1 Bb6 19. Rb1 Nc5 20. Nxa5 Bxa5 21. b4 Bf5 22. Rf1 Bd3 23. Re1 Bb6 24. bxc5 Bxc5 25. Raa1 Ba6 26. f4 Bf2 27. Reb1 Be3 28. Qd1 exf4 29. gxf4 Rac8 30. Ra3 Bc5 31. Rab3 Rfe8 32. Qg4 Bd4 33. Qg3 h6 34. a5 Bxc3 35. Rxc3 Rxc3 36. Qxc3 Qf2 37. Qg3 Qd2 38. Ra1 Re2 39. Rg1 Re3 40. Qg4 Re1 41. h3 Rxg1+ 42. Kxg1 Qxa5 43. Qd7 Qc5+ 44. Kh2 Bb5 45. Qd8+ Kh7 46. Qe7 f5 47. Qe6 Bd3 48. h4 Qf2 49. h5 Qxf4+ 50. Kg1 Qe5 51. Qxe5 dxe5 52. d6 Bb5 53. Bd5 Bd7 54. Bf7 g5 55. hxg6+ Kg7 56. Kf2 h5 57. Kg3 f4+ 58. Kh4 Kh6 59. Bg8 e4 60. Bd5 e3 61. Bf3 Kxg6 62. Bxh5+ Kf6 63. Be2 Ke5 64. Kg5 Ke4 65. Ba6 Ke5 66. Be2 Be8 67. Kg4 Bc6 68. Kg5 Ke4 69. Ba6 f3 70. Bb7 Bxb7 71. d7 f2 72. d8Q f1Q 73. Qe7+ Kd3 74. Qa3+ Ke2 75. Qb2+ Ke1 76. Qxb7 Qg1+ 77. Kf4 Qf2+ 78. Kg4 Kf1 79. Qh1+ Ke2 80. Qe4 Qg1+ 81. Kf4 Qf2+ 82. Kg4 Kd2 83. Qb4+ Kc1 84. Qc3+ Kd1 85. Qb3+ Kd2 86. Qb2+ Ke1 87. Qb1+ Ke2 88. Qb5+ Kd1 89. Qb1+ 1/2-1/2

[Event "Fluminense-ch"]
[Site "Rio de Janeiro"]
[Date "2007.01.??"]
[Round "3"]
[White "Santa Cruz, Arthur"]
[Black "Guimaraes, Wagner Peixoto"]
[Result "1/2-1/2"]
[WhiteElo "2202"]
[BlackElo "2261"]
[PlyCount "80"]
[EventDate "2007.01.19"]
[EventType "swiss"]
[EventRounds "7"]
[EventCountry "BRA"]
[SourceTitle "EXT 2022"]
[Source "ChessBase"]
[SourceDate "2021.10.06"]
[SourceVersion "1"]
[SourceVersionDate "2021.10.06"]
[SourceQuality "1"]

1. e4 c5 2. Nf3 Nc6 3. d4 cxd4 4. Nxd4 e6 5. Nb5 d6 6. c4 Nf6 7. N1c3 a6 8. Na3 Be7 9. Be2 b6 10. 0-0 Bb7 11. f4 Qc7 12. Be3 Nb8 13. Bf3 Nbd7 14. Rc1 0-0 15. Qe2 Rac8 16. g4 Nc5 17. Bf2 d5 18. e5 Nfe4 19. cxd5 exd5 20. Be3 Qb8 21. Nab1 Nxc3 22. Nxc3 Rfd8 23. Rfd1 Qa8 24. Qg2 Ne6 25. f5 Bg5 26. Bxg5 Nxg5 27. Bxd5 Bxd5 28. Nxd5 Rxc1 29. Rxc1 h6 30. Ne7+ Kf8 31. Qxa8 Rxa8 32. Rc8+ Rxc8 33. Nxc8 Nf3+ 34. Kg2 Nxe5 35. Nxb6 Nxg4 36. Nd7+ Ke7 37. Nc5 Kd6 38. Nxa6 Ne3+ 39. Kf3 Nxf5 40. Nb4 Kc5 1/2-1/2

[Event "Rio de Janeiro-ch Absoluto"]
[Site "Rio de Janeiro"]
[Date "2006.01.15"]
[Round "6"]
[White "Porto, Cristiano Nogueira"]
[Black "Santa Cruz, Arthur"]
[Result "1/2-1/2"]
[WhiteElo "2237"]
[BlackElo "2214"]
[PlyCount "117"]
[EventDate "2006.01.07"]
[EventType "swiss"]
[EventRounds "7"]
[EventCountry "BRA"]
[SourceTitle "EXT 2007"]
[Source "ChessBase"]
[SourceDate "2006.11.23"]
[SourceVersion "1"]
[SourceVersionDate "2006.11.23"]
[SourceQuality "1"]

1. e4 c5 2. c3 e6 3. d4 d5 4. exd5 exd5 5. Nf3 Nc6 6. Bb5 Bd6 7. 0-0 Nge7 8. Be3 c4 9. b3 cxb3 10. axb3 0-0 11. Bd3 Bf5 12. Qc2 Qd7 13. Nbd2 Rac8 14. Bxf5 Nxf5 15. Qd3 Bb8 16. Rfe1 Rfe8 17. Nf1 f6 18. Bd2 a6 19. Ng3 Bxg3 20. hxg3 Nd6 21. c4 Ne4 22. Rac1 Rcd8 23. Bc3 Qf5 24. Re3 Re7 25. Rce1 Rde8 26. b4 Kf8 27. c5 g5 28. Rf1 Qg6 29. b5 axb5 30. Qxb5 Nxc3 31. Rxc3 Qe4 32. Re3 Nxd4 33. Qb2 Nxf3+ 34. Rxf3 d4 35. Rxf6+ Rf7 36. Rd6 Qe5 37. Qxd4 Qxd4 38. Rxd4 Re2 39. Rd5 h6 40. f4 gxf4 41. Rxf4 Rc2 42. Rd6 Rxc5 43. Rxh6 Rcf5 44. Rhh4 Ke7 45. Kf2 Rb5 46. Rh6 Rb4 47. Rhh4 Rb2+ 48. Kf3 Rb3+ 49. Kf2 Rb2+ 50. Kg1 Rg7 51. Rb4 Rxb4 52. Rxb4 Kd6 53. Kf2 Kc5 54. Rb1 b5 55. Kf3 Rf7+ 56. Ke3 Rg7 57. Rc1+ Kd6 58. Kf4 Rf7+ 59. Ke3 1/2-1/2

[Event "Rio de Janeiro-ch Absoluto"]
[Site "Rio de Janeiro"]
[Date "2006.01.14"]
[Round "5"]
[White "Guimaraes, Wagner Peixoto"]
[Black "Santa Cruz, Arthur"]
[Result "1-0"]
[WhiteElo "2246"]
[BlackElo "2214"]
[PlyCount "47"]
[EventDate "2006.01.07"]
[EventType "swiss"]
[EventRounds "7"]
[EventCountry "BRA"]
[SourceTitle "EXT 2007"]
[Source "ChessBase"]
[SourceDate "2006.11.23"]
[SourceVersion "1"]
[SourceVersionDate "2006.11.23"]
[SourceQuality "1"]

1. d4 Nf6 2. c4 g6 3. Nc3 Bg7 4. e4 d6 5. Nf3 0-0 6. h3 e5 7. d5 Na6 8. Be3 Nh5 9. Be2 Nf4 10. Bxf4 exf4 11. 0-0 c5 12. Qd2 g5 13. Nh2 Nb8 14. Bg4 Nd7 15. Qe2 a6 16. Nf3 Ne5 17. Bxc8 Rxc8 18. Nxe5 Bxe5 19. Qg4 Qf6 20. h4 Kh8 21. hxg5 Rg8 22. Qxc8 Qxg5 23. Qh3 Rg6 24. Rfd1 1-0

[Event "Rio de Janeiro-ch Absoluto"]
[Site "Rio de Janeiro"]
[Date "2006.01.14"]
[Round "4"]
[White "Santa Cruz, Arthur"]
[Black "Limp, Eduardo Thelio"]
[Result "0-1"]
[WhiteElo "2214"]
[BlackElo "2446"]
[PlyCount "87"]
[EventDate "2006.01.07"]
[EventType "swiss"]
[EventRounds "7"]
[EventCountry "BRA"]
[SourceTitle "EXT 2007"]
[Source "ChessBase"]
[SourceDate "2006.11.23"]
[SourceVersion "1"]
[SourceVersionDate "2006.11.23"]
[SourceQuality "1"]

1. e4 c5 2. Nf3 b6 3. d4 cxd4 4. Nxd4 Bb7 5. Nc3 Nf6 6. e5 Nd5 7. Nxd5 Bxd5 8. Nb5 e6 9. Be3 Nc6 10. c4 Be4 11. Be2 Bb4+ 12. Kf1 0-0 13. h4 h6 14. Nd6 Bh7 15. a3 Bxd6 16. exd6 Qf6 17. b4 e5 18. Ra2 a5 19. b5 Nd4 20. Bxd4 exd4 21. Rd2 Qxd6 22. Rh3 d3 23. Bxd3 Bxd3+ 24. Rhxd3 Qf4 25. Rd4 Qh2 26. f3 Rfe8 27. Re2 Rac8 28. Kf2 f5 29. Qe1 Kf8 30. Rxe8+ Rxe8 31. Qd2 Kg8 32. Qf4 Qh1 33. Qd2 Re6 34. Qd1 Qh2 35. Qc1 d6 36. a4 Kh8 37. Qc2 Rg6 38. Qxf5 Rxg2+ 39. Ke3 Qg1+ 40. Ke4 Re2+ 41. Kd5 Re5+ 42. Qxe5 dxe5 43. Kxe5 Qe3+ 44. Re4 0-1

[Event "Rio de Janeiro-ch Absoluto"]
[Site "Rio de Janeiro"]
[Date "2006.01.07"]
[Round "1"]
[White "Santa Cruz, Arthur"]
[Black "Chaves, Jorge Antonio Torre"]
[Result "1-0"]
[WhiteElo "2214"]
[BlackElo "2013"]
[PlyCount "87"]
[EventDate "2006.01.07"]
[EventType "swiss"]
[EventRounds "7"]
[EventCountry "BRA"]
[SourceTitle "EXT 2007"]
[Source "ChessBase"]
[SourceDate "2006.11.23"]
[SourceVersion "1"]
[SourceVersionDate "2006.11.23"]
[SourceQuality "1"]

1. e4 c5 2. Nf3 Nc6 3. d4 cxd4 4. Nxd4 Nf6 5. Nc3 d6 6. Bg5 e6 7. Qd2 Be7 8. 0-0-0 a6 9. f4 h6 10. Bxf6 gxf6 11. Be2 h5 12. Rhf1 Qc7 13. Rf3 Bd7 14. f5 Ne5 15. Rh3 h4 16. Qf4 0-0-0 17. Nd5 exd5 18. Rc3 Nc4 19. exd5 Bf8 20. Kb1 Bh6 21. Qxh4 Bg5 22. Qg3 b5 23. Nc6 Bxc6 24. Bxc4 bxc4 25. Rxc4 Qa7 26. Rxc6+ Kb8 27. Qb3+ Ka8 28. Qc4 Qb7 29. Rxa6+ Kb8 30. Rd3 Rh4 31. g4 Re8 32. a3 Rxg4 33. Qxg4 Qxa6 34. Rb3+ Kc7 35. h4 Qf1+ 36. Ka2 Bd2 37. Qa4 Rc8 38. Qc6+ Kd8 39. Qxd6+ Ke8 40. Qxf6 Qc4 41. d6 Kd7 42. Qe7+ Kc6 43. d7 Rc7 44. d8Q 1-0